[Event "Calabria Province-ch"]
[Site "San Fili"]
[Date "2007.06.10"]
[Round "5"]
[White "Rametta, Marcello"]
[Black "Spataro, Enrico"]
[Result "1/2-1/2"]
[WhiteElo "1774"]
[BlackElo "1760"]
[PlyCount "78"]
[EventDate "2007.06.08"]
[EventType "swiss"]
[EventRounds "5"]
[EventCountry "ITA"]
[SourceTitle "EXT 2010"]
[Source "ChessBase"]
[SourceDate "2010.11.25"]
[SourceVersion "1"]
[SourceVersionDate "2010.11.25"]
[SourceQuality "1"]

1. e4 c5 2. Bc4 Nc6 3. Nf3 d6 4. Ng5 e6 5. d3 Be7 6. Nf3 Nf6 7. c3 0-0 8. h3 Na5 9. Bb5 a6 10. Ba4 b5 11. Bc2 Bb7 12. Bg5 Qc7 13. Nbd2 Rfd8 14. Qe2 Rac8 15. Rc1 Nc6 16. 0-0 Qb6 17. Rfe1 a5 18. Be3 Ba6 19. a3 b4 20. cxb4 axb4 21. Nc4 Qc7 22. Bf4 Bxc4 23. dxc4 Nd7 24. axb4 Nxb4 25. Bb1 Bf6 26. b3 Nc6 27. Rcd1 Nde5 28. Nh2 Ng6 29. Bd2 Nd4 30. Qe3 Qe7 31. f4 Nc2 32. Qd3 Nxe1 33. Rxe1 Bd4+ 34. Kh1 Qh4 35. Rf1 d5 36. cxd5 exd5 37. e5 Bf2 38. Qf3 Bg3 39. Ng4 d4 1/2-1/2

[Event "RC Province-ch"]
[Site "Locri"]
[Date "2007.03.04"]
[Round "4"]
[White "Caridi, Bruno"]
[Black "Spataro, Enrico"]
[Result "0-1"]
[WhiteElo "1398"]
[BlackElo "1751"]
[PlyCount "76"]
[EventDate "2007.03.02"]
[EventType "swiss"]
[EventRounds "5"]
[EventCountry "ITA"]
[SourceTitle "EXT 2010"]
[Source "ChessBase"]
[SourceDate "2010.11.25"]
[SourceVersion "1"]
[SourceVersionDate "2010.11.25"]
[SourceQuality "1"]

1. e4 c5 2. Nf3 Nc6 3. Nc3 d6 4. d3 Nf6 5. Be3 g6 6. d4 cxd4 7. Nxd4 Bg7 8. Nxc6 bxc6 9. Be2 0-0 10. 0-0 Qc7 11. Qd2 Rd8 12. Rad1 Rb8 13. b3 Qa5 14. Na4 Qxd2 15. Rxd2 Nxe4 16. Rdd1 c5 17. Bf3 Bb7 18. Bf4 Nc3 19. Nxc3 Bxf3 20. gxf3 Bxc3 21. Rd3 Bg7 22. Rfd1 h5 23. Rb1 Rb6 24. Be3 Rdb8 25. a3 Ra6 26. b4 c4 27. Rdd1 Rxa3 28. Bd4 Bxd4 29. Rxd4 Rc3 30. Ra1 Rxb4 31. Rxa7 Rxc2 32. Rxe7 Rb1+ 33. Kg2 Rbb2 34. Rxd6 Rxf2+ 35. Kg3 Rfe2 36. Rd8+ Kg7 37. Rc7 g5 38. Rxc4 Rg2+ 0-1

[Event "RC Province-ch"]
[Site "Locri"]
[Date "2007.03.02"]
[Round "1"]
[White "Spataro, Enrico"]
[Black "Russo, Francesco"]
[Result "1-0"]
[WhiteElo "1751"]
[BlackElo "1544"]
[PlyCount "57"]
[EventDate "2007.03.02"]
[EventType "swiss"]
[EventRounds "5"]
[EventCountry "ITA"]
[SourceTitle "EXT 2010"]
[Source "ChessBase"]
[SourceDate "2010.11.25"]
[SourceVersion "1"]
[SourceVersionDate "2010.11.25"]
[SourceQuality "1"]

1. e4 e6 2. d4 d6 3. Nf3 Nc6 4. Bc4 Nf6 5. 0-0 Be7 6. Nc3 Bd7 7. Be3 0-0 8. Qe2 Rc8 9. Rad1 d5 10. exd5 exd5 11. Nxd5 Nxd5 12. Bxd5 Nb4 13. Be4 g6 14. Bxb7 Rb8 15. Be4 Bb5 16. c4 Bc6 17. Bxc6 Nxc6 18. d5 Nb4 19. a3 Na2 20. Ra1 Nc3 21. bxc3 f5 22. Bh6 Rf6 23. Rfe1 Qe8 24. Qxe7 Qxe7 25. Rxe7 g5 26. Bxg5 Rg6 27. Rae1 Rb2 28. Re8+ Kf7 29. R1e7# 1-0